|
|
|
|
| LEADER |
01584nam a2200349 a 4500 |
| 001 |
3007 |
| 003 |
BD-DhAAL |
| 005 |
20150311112139.0 |
| 008 |
150311s1996 nyuab b 001 0 eng |
| 010 |
|
|
|a 95036996
|
| 020 |
|
|
|a 0070427917 (acidfree paper)
|
| 040 |
|
|
|a DLC
|c DLC
|d DLC
|d BD-DhAAL
|
| 050 |
0 |
0 |
|a HD30.28
|b .D474 1996
|
| 082 |
0 |
0 |
|a 658.4/012
|2 20
|
| 100 |
1 |
|
|a Miller, Alex,
|d 1956-
|9 9353
|
| 245 |
1 |
0 |
|a Strategic management /
|c Alex Miller, Gregory G. Dess.
|
| 250 |
|
|
|a 2nd ed.
|
| 260 |
|
|
|a New York :
|b McGraw-Hill,
|c c1996.
|
| 300 |
|
|
|a 1 v. (various pagings) :
|b ill. (some col.), col. maps ;
|c 24 cm.
|
| 490 |
|
|
|a McGraw-Hill series in management
|
| 500 |
|
|
|a Rev. and updated ed. of: Strategic management / Gregory G. Dess, Alex Miller. 1992.
|
| 504 |
|
|
|a Includes bibliographical references and index.
|
| 541 |
|
|
|e 3007
|
| 650 |
|
0 |
|a Strategic planning.
|9 9354
|
| 650 |
|
0 |
|a Strategic planning
|x Case studies.
|9 6032
|
| 700 |
1 |
|
|a Dess, Gregory G.
|9 9355
|
| 700 |
1 |
|
|a Dess, Gregory G.
|t Strategic management.
|9 9356
|
| 942 |
|
|
|2 ddc
|c BK
|
| 999 |
|
|
|c 33966
|d 33966
|
| 952 |
|
|
|0 0
|1 0
|2 ddc
|4 0
|6 658_401200000000000_MIL
|7 0
|9 53011
|a SCL
|b SCL
|c GEN
|d 2015-03-11
|e Gift: The Asia Foundation
|l 0
|o 658.4012 MIL
|p 3020003007
|r 2015-03-11
|t 1
|w 2015-03-11
|y BK
|
| 952 |
|
|
|0 0
|1 0
|2 ddc
|4 0
|6 658_401200000000000_MIL
|7 0
|9 53012
|a SCL
|b SCL
|c GEN
|d 2015-03-11
|e Gift: The Asia Foundation
|l 0
|o 658.4012 MIL
|p 3020003716
|r 2015-03-11
|t 2
|w 2015-03-11
|y BK
|
| 952 |
|
|
|0 0
|1 0
|2 ddc
|4 0
|6 658_401200000000000_MIL
|7 0
|9 53135
|a SCL
|b SCL
|c GEN
|d 2015-03-15
|l 0
|o 658.4012 MIL
|p 3020001067
|r 2015-03-15
|t 3
|w 2015-03-15
|y BK
|